| 000 | 00824nam a2200253 a 4500 | ||
|---|---|---|---|
| 001 | 000022821 | ||
| 005 | 20250725140219.0 | ||
| 008 | 101118s1998 dr a 001 0 spa d | ||
| 020 | _a849236212x | ||
| 040 |
_aDO-SdBNP _bspa _cBNPHU |
||
| 082 |
_a113 _bE42p |
||
| 100 | 0 |
_a[Elías] _91847 |
|
| 245 | 1 | 3 |
_aLa posición de la aguja en el reloj profético / _cElías ; prólogo Gaetano Herrera. |
| 260 |
_aSanto Domingo : _bSolar, _c1998. _fAmigo del Hogar |
||
| 300 |
_a169 p. : _bil. ; _c23 cm. |
||
| 490 | 1 | _aLa voz del séptimo ángel | |
| 650 | 0 |
_a Cosmología _91848 |
|
| 650 | 4 |
_aFilosofía de la naturaleza _91849 |
|
| 650 | 4 |
_aSimbolismo en la biblia _91850 |
|
| 700 | 1 |
_aHerrera, Gaetano, _epról. _946896 |
|
| 830 | 0 |
_aLa voz del séptimo ángel _91852 |
|
| 910 | _aValidado. Control de calidad | ||
| 049 | _aBNPD | ||
| 999 |
_c22318 _d22318 |
||